El Vallès /
Descripción Física:
Il·lustracions
Colección:
San Jorge,
; núm. 16 (octubre 1954), pàg 37-49
Idioma:
Español
MARC
| LEADER | 00000naa a2200000 a 4500 | ||
|---|---|---|---|
| 003 | Arxiu | ||
| 005 | 20260324181038.0 | ||
| 008 | 160829s1954 spcaxx s spa c | ||
| 040 | |a AGDB | ||
| 100 | 1 | |a Llobet, Salvador, |d 1908-1991 |9 25877 | |
| 245 | 1 | 3 | |a El Vallès / |c Salvador Llobet |
| 300 | |b Il·lustracions | ||
| 490 | |a San Jorge, |v núm. 16 (octubre 1954), pàg 37-49 | ||
| 500 | |a Conté un mapa de la comarca del Vallès, que inclou les poblacions, carreteres, carreteres de la Diputació i ferrocarril. | ||
| 651 | 0 | |9 55142 |a Vallès (Catalunya) |x Descripcions i viatges | |
| 651 | 0 | |a Vallès (Catalunya) |x Condicions socials |9 55450 | |
| 773 | |t San Jorge. |g Núm. 16 (octubre 1954), pàg 37-49 | ||
| 901 | |a Arxiu | ||
| 942 | |n 1 |2 udc |c ART | ||
| 952 | |0 0 |1 0 |4 0 |6 REV509 |7 1 |9 65047 |a Arxiu |b Arxiu |d 2023-01-17 |l 0 |o Rev-509 |r 2023-01-17 00:00:00 |w 2023-01-17 |y ARXIU |z També disponible a Rev-523 | ||
| 999 | |c 48800 |d 48800 | ||